Martian martyrs /

Saved in:
Bibliographic Details
Main Author: Coleridge, John.
Format: Book
Language:English
Published: New York : Columbia Publications, Inc., [1941?]
Series:Science fiction classics ; No. 1
Subjects:
Tags: Add Tag
No Tags, Be the first to tag this record!
LEADER 00761nam a22002417a 4500
001 011596302-2
005 20090417053355.0
008 950306s1941 nyua 000 1 eng d
035 0 |a ocm32099858 
040 |a CRU  |c CRU 
090 |a PS3505.O445  |b M37 1941 
100 1 |a Coleridge, John. 
245 1 0 |a Martian martyrs /  |c by John Coleridge. 
260 |a New York :  |b Columbia Publications, Inc.,  |c [1941?] 
300 |a 23 p. :  |b ill. ;  |c 20 cm. 
490 0 |a Science fiction classics ;  |v No. 1 
500 |a Cover title. 
510 4 |a Reginald, R. Science fiction and fantasy literature,  |c p. 50 
650 0 |a Science fiction, American. 
650 0 |a Extraterrestrial beings  |v Fiction. 
655 7 |a Science fiction, American.  |2 gsafd 
988 |a 20081027 
906 |0 OCLC